Transnational media and Contoured Markets : Redefining Asian Television and advertising (Record no. 881)

MARC details
000 -LEADER
Fixed length control field 00545nam a2200169 4500
003 - CONTROL NUMBER IDENTIFIER
Control field SEACOMMC
005 - DATE AND TIME OF LATEST TRANSACTION
Control field 20250428124317.0
008 - FIXED-LENGTH DATA ELEMENTS--GENERAL INFORMATION
Fixed length control field 241216b |||||||| |||| 00| 0 eng d
020 ## - INTERNATIONAL STANDARD BOOK NUMBER / ISBN
International Standard Book Number 81-7829-631-4
Price Rs.395.00
040 ## - CATALOGING SOURCE
Original cataloging agency SEACOMMC
082 ## - DEWEY DECIMAL CLASSIFICATION NUMBER
Classification number 384.55095
Book Number T 454
100 ## - MAIN ENTRY--PERSONAL NAME
Personal name Thomas, Amos Owen
245 1# - TITLE STATEMENT
Title Transnational media and Contoured Markets : Redefining Asian Television and advertising
Statement of responsibility Amos Owen Thomas
260 ## - IMPRINT
Place of publication New Delhi
Name of publisher Sage Publications
Date of publication 2006
650 ## - SUBJECT ADDED ENTRY--TOPICAL TERM
Topical term Television Digital media. Globalization.
942 ## - ADDED ENTRY ELEMENTS (KOHA)
Koha item type Books
Holdings
Withdrawn status Lost status Source of classification Damaged status Not for loan Home library Current library Shelving location Date acquired Total Checkouts Call number Accession number Date last seen Price effective from Koha item type
    Dewey Decimal Classification     SEACOM MANAGEMENT COLLEGE SEACOM MANAGEMENT COLLEGE Reference 06/12/2007   384.55095 T 454 M-1194 16/12/2024 16/12/2024 Books
© Seacom Engineering College, All rights reserved.    Powered by Koha